[Event "PRO League KO Stage 2017"]
[Site "chess.com INT"]
[Date "2017.03.01"]
[Round "1"]
[White "Jones, Gawain C B"]
[Black "Bitalzadeh, Ali"]
[Result "1/2-1/2"]
[WhiteTitle "GM"]
[BlackTitle "IM"]
[WhiteElo "2676"]
[BlackElo "2383"]
[WhiteTeam "London Towers"]
[BlackTeam "Amsterdam Mosquitos"]
[WhiteFideId "409561"]
[BlackFideId "1010972"]
[EventDate "2017.03.01"]

1. e4 g6 2. d4 Bg7 3. Nc3 d6 4. Be3 c6 5. Bc4 Nf6 6. Bb3 O-O 7. h3 d5 8. Nf3 a5
9. exd5 cxd5 10. Ne5 Nc6 11. O-O Bf5 12. Re1 Rc8 13. Qf3 Nb4 14. Qe2 Be6 15. Qb5
Nd7 16. Bf4 Nxe5 17. Bxe5 Bxe5 18. dxe5 d4 19. Bxe6 fxe6 20. Rad1 Nxc2 21. Re2
Nb4 22. Red2 Nc6 23. Ne2 Qd5 24. a4 Nxe5 25. Nxd4 Nc4 26. Re2 Rfd8 27. b3 Qxb5
28. axb5 e5 29. bxc4 exd4 30. Rxe7 Rxc4 31. Rxb7 d3 32. b6 Rb4 33. g3 Rd6 34.
Rc1 Rd8 35. Kg2 d2 36. Rd1 a4 37. Kf3 Rb3+ 38. Ke2 Rd6 39. Ra7 Rbxb6 40. Rxa4
Re6+ 41. Kf1 Rbd6 42. Ra2 Kg7 43. Raxd2 Rxd2 44. Rxd2 h5 45. Re2 Rd6 46. Kg2 Kf6
47. Kf3 Ra6 48. Re4 Ra3+ 49. Re3 Ra4 50. Rb3 Ra6 51. Rb4 Ra3+ 52. Ke4 Ra6 53.
Rd4 Re6+ 54. Kf3 Ra6 55. Kf4 Re6 56. Rd5 Ra6 57. Ke4 Ra4+ 58. Rd4 Ra6 59. g4
hxg4 60. hxg4 Kg5 61. f3 Re6+ 62. Kd5 Re3 63. f4+ Kxg4 64. Re4 Rf3 65. Ke5 Kg3
66. Rd4 Rf1 67. Rc4 Rf2 68. Rc6 Rxf4 69. Rxg6+ Rg4 70. Kf5 Rxg6 71. Kxg6 1/2-1/2

[Event "PRO League KO Stage 2017"]
[Site "chess.com INT"]
[Date "2017.03.01"]
[Round "1"]
[White "Vidit, Santosh Gujrathi"]
[Black "Agdestein, Simen"]
[Result "1-0"]
[WhiteTitle "GM"]
[BlackTitle "GM"]
[WhiteElo "2673"]
[BlackElo "2603"]
[WhiteTeam "Mumbai Movers"]
[BlackTeam "Norway Gnomes"]
[WhiteFideId "5029465"]
[BlackFideId "1500015"]
[EventDate "2017.03.01"]

1. d4 Nf6 2. c4 e6 3. Nf3 b6 4. g3 Ba6 5. b3 d5 6. Bg2 Bb4+ 7. Bd2 Bd6 8. Nc3
Nbd7 9. cxd5 exd5 10. Nh4 Bb7 11. Nb5 O-O 12. Nxd6 cxd6 13. Bb4 Ne8 14. O-O a5
15. Ba3 Ndf6 16. Qd2 b5 17. Nf5 b4 18. Bb2 Nc7 19. a3 Ne4 20. Bxe4 dxe4 21. axb4
Qd7 22. Qf4 Rad8 23. d5 Nxd5 24. Qg4 f6 25. Rxa5 Nxb4 26. Rd1 Nc6 27. Rxd6 Qc7
28. Rb5 e3 29. Rxd8 exf2+ 30. Kxf2 Nxd8 31. Ba3 Rf7 32. Nh6+ Kh8 33. Nxf7+ Nxf7
34. Qb4 1-0

[Event "PRO League KO Stage 2017"]
[Site "chess.com INT"]
[Date "2017.03.01"]
[Round "1"]
[White "Ghosh, Diptayan"]
[Black "Agdestein, Simen"]
[Result "1-0"]
[WhiteTitle "GM"]
[BlackTitle "GM"]
[WhiteElo "2581"]
[BlackElo "2603"]
[WhiteTeam "Mumbai Movers"]
[BlackTeam "Norway Gnomes"]
[WhiteFideId "5045207"]
[BlackFideId "1500015"]
[EventDate "2017.03.01"]

1. d4 Nf6 2. c4 e6 3. Nf3 b6 4. a3 Bb7 5. Nc3 d5 6. cxd5 Nxd5 7. Qc2 Nxc3 8.
bxc3 Nd7 9. e4 c5 10. Bf4 Be7 11. Bd3 Qc8 12. Qb1 O-O 13. O-O Ba6 14. d5 Bxd3
15. Qxd3 c4 16. Qc2 Bc5 17. a4 h6 18. Rad1 exd5 19. exd5 Re8 20. d6 Qb7 21. Nd4
Re4 22. Be3 Ne5 23. Nf5 Rg4 24. f4 Nf3+ 25. Kh1 Nh4 26. Nxh4 Bxe3 27. Nf5 Bxf4
28. h3 Rg3 29. Rxf4 Rxh3+ 30. Kg1 Rh5 31. Ne7+ 1-0

[Event "PRO League KO Stage 2017"]
[Site "chess.com INT"]
[Date "2017.03.01"]
[Round "1"]
[White "Ghosh, Diptayan"]
[Black "Hammer, Jon Ludvig"]
[Result "1-0"]
[WhiteTitle "GM"]
[BlackTitle "GM"]
[WhiteElo "2581"]
[BlackElo "2630"]
[WhiteTeam "Mumbai Movers"]
[BlackTeam "Norway Gnomes"]
[WhiteFideId "5045207"]
[BlackFideId "1503707"]
[EventDate "2017.03.01"]

1. d4 Nf6 2. c4 e6 3. Nf3 d5 4. Nc3 Be7 5. Bf4 O-O 6. e3 c5 7. dxc5 Bxc5 8. Bd3
dxc4 9. Bxc4 a6 10. Bd3 Be7 11. O-O Nh5 12. Qe2 Nxf4 13. exf4 Nd7 14. Rad1 Qa5
15. a3 g6 16. Rfe1 Rd8 17. Bc2 Nf6 18. Ne5 Bd7 19. f5 gxf5 20. Bxf5 Be8 21. Bd3
Bd6 22. Nc4 Qc7 23. Nxd6 Rxd6 24. Qe5 1-0

[Event "PRO League KO Stage 2017"]
[Site "chess.com INT"]
[Date "2017.03.01"]
[Round "1"]
[White "Zhou, Yang-Fan"]
[Black "Daulyte, Deimante"]
[Result "1-0"]
[WhiteTitle "IM"]
[BlackTitle "IM"]
[WhiteElo "2476"]
[BlackElo "2440"]
[WhiteTeam "London Lions"]
[BlackTeam "Cannes Blockbusters"]
[WhiteFideId "468584"]
[BlackFideId "12802859"]
[EventDate "2017.03.01"]

1. e4 d6 2. d4 Nf6 3. Nc3 e5 4. Nge2 Nbd7 5. g3 c6 6. a4 Be7 7. Bg2 O-O 8. O-O
Re8 9. a5 Bf8 10. b3 exd4 11. Nxd4 Nc5 12. Re1 g6 13. h3 Bg7 14. Bb2 Qc7 15. Qd2
Bd7 16. b4 Ne6 17. Nb3 Rad8 18. Nd1 Bc8 19. c4 Nf8 20. Nc3 Be6 21. Bf1 d5 22.
cxd5 cxd5 23. e5 Ne4 24. Nxe4 dxe4 25. Qe3 Bxe5 26. Bxe5 Qxe5 27. Nc5 Bd5 28.
Rad1 f5 29. Qc1 Kg7 30. Nd3 Qf6 31. Nf4 Bf7 32. h4 Ne6 33. Nd5 Qe5 34. f4 Qxd5
35. Rxd5 Rxd5 36. Bc4 Rd6 37. Bxe6 Bxe6 38. Rd1 Rxd1+ 39. Qxd1 a6 40. Qd4+ Kf7
41. Kf2 Rc8 42. Qb6 Bd5 43. Qd6 Bc6 44. h5 gxh5 45. Qh6 Rd8 46. Qxh5+ Ke6 47.
Qh6+ Kd5 48. Qxh7 Kc4 49. Qxf5 Rd2+ 50. Ke1 Rc2 51. Qf8 Kd3 52. Qd6+ Ke3 53. Kd1
Rh2 54. f5 Bb5 55. f6 Rh1+ 56. Kc2 Bd3+ 57. Kb2 Rb1+ 58. Ka2 Rf1 59. Qe7 Kd2 60.
Kb2 e3 61. f7 e2 62. Qg5+ Kd1 63. Qc1# 1-0